Storage batteries maintenance manual (Record no. 545445)
[ view plain ]
| 000 -LEADER | |
|---|---|
| fixed length control field | 00673cam a22001691 4500 |
| 082 00 - DEWEY DECIMAL CLASSIFICATION NUMBER | |
| Classification number | 621.3126 |
| Author Mark | SEM |
| -- | L-10,P-59 |
| 100 1# - MAIN ENTRY--PERSONAL NAME | |
| Personal name | Semenov, Leontiĭ Grigorʹevich. |
| 9 (RLIN) | 41299 |
| 245 10 - TITLE STATEMENT | |
| Title | Storage batteries maintenance manual |
| Statement of responsibility, etc. | [by] L. Semyonov. Translated from the Russian by A. Tchernukhin. |
| 260 ## - PUBLICATION, DISTRIBUTION, ETC. | |
| Place of publication, distribution, etc. | Moscow, |
| Name of publisher, distributor, etc. | Mir Publishers, |
| Date of publication, distribution, etc. | 1967. |
| 300 ## - PHYSICAL DESCRIPTION | |
| Extent | 270 p. with illus. |
| Dimensions | 21 cm. |
| 500 ## - GENERAL NOTE | |
| General note | "Revised from the 1964 Russian edition." |
| 500 ## - GENERAL NOTE | |
| General note | Translation of Ėlektromonter-akkumuli︠a︡torshchik (romanized form) |
| 526 ## - STUDY PROGRAM INFORMATION NOTE | |
| Program name | 0 |
| Interest level | 0 |
| Reading level | 0 |
| Title point value | 621_312600000000000_SEM |
| 650 #0 - SUBJECT ADDED ENTRY--TOPICAL TERM | |
| Topical term or geographic name entry element | MCE |
| 9 (RLIN) | 379 |
| 650 #0 - SUBJECT ADDED ENTRY--TOPICAL TERM | |
| Topical term or geographic name entry element | Storage batteries |
| General subdivision | Maintenance and repair. |
| 9 (RLIN) | 41300 |
| 942 ## - ADDED ENTRY ELEMENTS (KOHA) | |
| Source of classification or shelving scheme | |
| Koha item type | Book |
| Withdrawn status | Lost status | Source of classification or shelving scheme | Damaged status | Not for loan | Permanent Location | Current Location | Date acquired | Total Checkouts | Full call number | Barcode | Date last seen | Price effective from | Koha item type |
|---|---|---|---|---|---|---|---|---|---|---|---|---|---|
| Military College of Engineering (MCE) | Military College of Engineering (MCE) | 05/22/2014 | 621.3126 SEM | MCE-3253 | 05/22/2014 | 05/22/2014 | Book |
